O Porto e as invasões francesas, 1809-2009 (Record no. 46005)
[ view plain ]
| 000 -Etiqueta do registo | |
|---|---|
| Valores | 00722nam a2200217 4500 |
| 010 ## - Número ISBN | |
| ISBN | 9789896191788 |
| 021 ## - Número do Depósito Legal | |
| Número | 289604/09 |
| 100 ## - Dados gerais de processamento | |
| Dados gerais | 20100614d2009 m d0pory5003 ba |
| 101 0# - Língua de publicação | |
| Língua | por |
| 102 ## - País de publicação | |
| País | PT |
| 200 1# - Titulo e menção de responsabilidade | |
| Título próprio | O Porto e as invasões francesas, 1809-2009 |
| Primeira menção de responsabilidade | coord. Valente de Oliveira |
| Outras menções de responsabilidade | Luís Oliveira Ramos... [et al.] |
| 210 #9 - Publicação | |
| Local de publicação | Porto |
| Nome do editor | Público |
| -- | Câmara Municipal do Porto |
| Data de publicação | 2009 |
| 215 ## - Descrição física | |
| Paginação / Volumes | 4 v. |
| Outras indicações físicas | il. |
| Dimensões | 28 cm |
| Material acompanhante | errata ([1] f.) |
| 675 ## - CDU | |
| Notação | 94(469.121)"1807/1813"(042) |
| Edição | BN |
| Língua | por |
| 675 ## - CDU | |
| Notação | 355.48(460+469)"1807/1814"(042) |
| Edição | BN |
| Língua | por |
| 702 #1 - Autor secundário | |
| Apelido | Oliveira, |
| Nome | Valente de, |
| Datas | 1937- |
| Função | 340 |
| 702 #1 - Autor secundário | |
| Apelido | Ramos, |
| Nome | Luís A. de Oliveira, |
| Datas | 1939- |
| Função | 070 |
| 801 #0 - Fonte de origem | |
| País | PT |
| Agência | BN |
| Regras de catalogação | RPC |
| 990 ## - Elementos KOHA | |
| Tipo de documento | Livro |
| Aquisição | Empréstimo | Código de barras | Cota | Permissão de empréstimo | Tipo de documento | Nota relativa ao exemplar |
|---|---|---|---|---|---|---|
| Biblioteca Escolar Doutor Hernâni Cidade | Biblioteca Escolar Doutor Hernâni Cidade | 82826 | 94(469) AA.VV. HIST. PORT. | Livro | 1.º v. | |
| Biblioteca Escolar Doutor Hernâni Cidade | Biblioteca Escolar Doutor Hernâni Cidade | 82827 | 94(469) AA.VV. HIST. PORT. | Livro | 2.º v. | |
| Biblioteca Escolar Doutor Hernâni Cidade | Biblioteca Escolar Doutor Hernâni Cidade | 82831 | 94(469) AA.VV. HIST. PORT. | Livro | 3.º v. | |
| Biblioteca Escolar Doutor Hernâni Cidade | Biblioteca Escolar Doutor Hernâni Cidade | 82832 | 94(469) AA.VV. HIST. PORT. | Livro | 4.º v. |